Представление документа в формате RUSMARC

ПолеНазваниеЗначение
  Тип записи a
  Библиографический уровень m
001 Контрольный номер RU/IS/BASE/497531716
005 Дата корректировки 20201206204953.4
010 Индекс ISBN __
a ISBN 978-5-9918-0067-9 (в пер.)
d Цена 433-62
100 Данные общей обработки __
a Данные общей обработки 19151007d2012||||||| 1rusy0189 ca
101 Язык документа 0_
a Язык текста rus
c Язык оригинала nor
102 Страна публикации __
a Страна публикации ru|
105 Кодированные данные (монография) __
a Кодированные данные (монография) ||||||||000zy
200 Заглавие и сведения об ответственности 1_
a Заглавие Через Сибирь
f Первые сведения об ответственности Фритьоф Нансен ; [вступительная статья, перевод с норвежского и комментарии Н. Будур]
b Общее обозначение материала Текст
210 Выходные данные __
a Место издания Москва
c Издательство Игра слов
d Дата издания 2012
215 Физическое описание __
a Объем 299, [2] с., [8] л. ил., портр.
d Формат 22 см
300 Общие примечания __
a Общие примечания 3000 экз.
330 Аннотация __
a Аннотация В 1913 году Фритьоф Нансен побывал в Сибири. Результатом путешествия в Россию, по которой он промчался через всю Сибирь до Дальнего Востока и вернулся оттуда в Петербург, стала книга "Через Сибирь". Книга представляет интерес как для ученых, так и для любителей авантюрного чтения, поскольку Нансен описывает и красоты северной природы, и смешные случаи из жизни путешественников, и даже спасение им организатора проекта из лап белого медведя. А еще вы узнаете о левом и правом берегах Енисея, о том, чем русский тарантас лучше норвежского экипажа, о жизни коренного населения Сибири и о футбольной красноярской команде…
606 Тематические рубрики __
a Основная рубрика География
606 Тематические рубрики __
a Основная рубрика Страноведение
y Географическая подрубрика Сибирь
610 Ключевые слова __
a Ключевые слова животноводство
a Ключевые слова животные
a Ключевые слова коренное население
a Ключевые слова образ жизни
a Ключевые слова обычаи
a Ключевые слова охота
a Ключевые слова природа
a Ключевые слова путешественники
a Ключевые слова путешествия
a Ключевые слова растения
a Ключевые слова реки
a Ключевые слова рыбалка
a Ключевые слова семьи
a Ключевые слова традиции
a Ключевые слова условия жизни
a Ключевые слова экспедиции
686 Индексы других классификаций __
2 Код системы rubbks
a Классификационный индекс 26.89(253)
700 Автор _1
a Фамилия Нансен
b Имя Ф.
f Даты 1861-1930
g Полное личное имя Фритьоф
4 Код отношения 070
702 Вторичная интеллектуальная ответственность _1
a Фамилия Будур
b Имя Н.
4 Код отношения Автор предисловия и т.д.
g Полное личное имя Наталия
4 Код отношения 080
4 Код отношения 730
801 Источник записи _0
a Страна ru
b Организация Муниципальное бюджетное учреждение культуры "Централизованная библиотечная система" г. Сургут (Центральная городская библиотека им. А. С. Пушкина)
c Дата составления 20151007
g Правила каталогизации КиК/Коробейникова
801 Источник записи _1
a Страна ru
b Организация Муниципальное бюджетное учреждение культуры "Централизованная библиотечная система" г. Сургут (Центральная городская библиотека им. А. С. Пушкина)
c Дата составления 20151007
g Правила каталогизации КиК/Коробейникова
852 Данные о местонахождении __
j Шифр хранения 26.89(253)
i Авторский знак Н 25
901 Тип документа __
t Тип документа m
903 Характеристики (МАРС) __
a Дата передачи 20151007
990 Данные о заказе (DOS) __
j Количество экземпляров (DOS) 3
t N записи в КСУ для И/У (DOS) 201510